|
|
|
|
| LEADER |
00000nam2a2200000 4500 |
| 001 |
330494 |
| 005 |
20231102004251.0 |
| 035 |
|
|
|a (RuTPU)RU\TPU\book\356268
|
| 035 |
|
|
|a RU\TPU\book\354629
|
| 090 |
|
|
|a 330494
|
| 100 |
|
|
|a 20170405d1980 k y0rusy50 ca
|
| 101 |
0 |
|
|a rus
|
| 102 |
|
|
|a RU
|
| 105 |
|
|
|a a z 101zy
|
| 200 |
0 |
|
|a Вып. 17
|
| 210 |
|
|
|d 1980
|
| 215 |
|
|
|a 270 с.
|c ил.
|
| 320 |
|
|
|a Библиогр. в конце статей
|
| 330 |
|
|
|a Сборник содержит исследования краевых задач для дифференциальных уравнений в частных производных и их приложения в механике. Исследуются линейные и нелинейные краевые задачи для аналитических функций, граничные задачи для дифференциальных уравнений и систем уравнений смешанного типа. Рассматриваются вопросы однолистной разрешимости и устойчивости обратных краевых задач и обобщения однолистных функций многих переменных. Предлагаются численные и аналоговые методы решения задач нелинейной фильтрации и фильтрации в неоднородном грунте, устанавливаются вариационные теоремы для обратных краевых задач теории фильтрации. Рассматриваются течения жидкости со свободными поверхностями, в том числе нестационарные течения и течения с учетом капиллярности. Изучаются задачи гидроупругости и задача, связанная с электрохимической обработкой. Сборник рассчитан на научных работников, аспирантов и студентов старших курсов, интересующихся перечисленными вопросами.
|
| 461 |
|
1 |
|0 (RuTPU)RU\TPU\book\294154
|t Труды семинара по краевым задачам
|o [сборник]
|f Казанский государственный университет (КГУ)
|v Вып. 17
|d 1964-
|
| 606 |
1 |
|
|a Краевые задачи для уравнений с частными производными
|2 stltpush
|3 (RuTPU)RU\TPU\subj\16072
|9 42260
|
| 610 |
1 |
|
|a дифференциальные уравнения в частных производных
|
| 610 |
1 |
|
|a приложение к отчету
|
| 610 |
1 |
|
|a жидкости
|
| 610 |
1 |
|
|a газы
|
| 610 |
1 |
|
|a аналитические функции
|
| 610 |
1 |
|
|a разрешимость
|
| 610 |
1 |
|
|a однолистные функции
|
| 610 |
1 |
|
|a обратные задачи
|
| 610 |
1 |
|
|a семинары
|
| 610 |
1 |
|
|a Казань
|
| 675 |
|
|
|a 517.954
|v 3
|
| 801 |
|
0 |
|a RU
|b 63413507
|c 20011209
|g PSBO
|
| 801 |
|
2 |
|a RU
|b 63413507
|c 20170419
|g PSBO
|
| 942 |
|
|
|c BK
|